Normal view
MARC view
- LENNART,L JUNG
Entry Personal Name
001 - CONTROL NUMBER
- control field: 91725
003 - CONTROL NUMBER IDENTIFIER
- control field: NUST
005 - DATE AND TIME OF LATEST TRANSACTION
- control field: 20220523111745.0
008 - FIXED-LENGTH DATA ELEMENTS
- fixed length control field: 220523|| aca||aabn | a|a d
040 ## - CATALOGING SOURCE
- Original cataloging agency: NUST
- Transcribing agency: NUST
100 ## - HEADING--PERSONAL NAME
- Personal name: LENNART,L JUNG
670 ## - SOURCE DATA FOUND
- Source citation: Work cat.: (NUST): LENNART,L JUNG., SYSTEM IDENTIFICATION THEORY FOR THE USER /, 1999.
